000 00460nam a22001697a 4500
003 OSt
008 260511b |||||||| |||| 00| 0 eng d
082 _a633.11
_bR13S
100 _aRai, Anand Kumar
245 _aStudies on Application of Fertilizers as per Critical Need of Wheat (Triticum aestivum L.) Plant
260 _aPusa, Samastipur
_bRAU
_c1987
300 _a85P.
502 _bMsc.
_d1987
650 _aAgronomy
650 _aMsc.
942 _2ddc
_cT
999 _c50533
_d50533